Snooker - Statistics

General Stats
  • This quiz has been taken 11 times
  • The average score is 4 of 10
Answer Stats
Question Answer % Correct
Peaked in the rankings as one of the best 20 players in the world. Mick Price
78%
Turned professional in 1988. Mick Price
56%
Retired and became a Maths teacher. Mick Price
56%
Ronnie O'Sullivan's opponent when he made the fastest 147 in history. Mick Price
44%
Player who wore large spectacles in order to compete. Mick Price
44%
Snooker player nicknamed: The Postman Mick Price
33%
Knocked Joe Johnson out of the 1993 European open. Mick Price
33%
Knocked Dennis Taylor out of the 1992 World Championship. Mick Price
33%
Snooker player born and bred in Nuneaton. Mick Price
22%
The third player to make 3 century breaks in successive frames. Mick Price
11%
No matching quizzes found
Score Distribution
Percent of People with Each Score
Percentile by Number Answered
Your Score History
You have not taken this quiz